Phương pháp tính dùng cho các trường đại học kỹ thuật

Enregistré dans:
Détails bibliographiques
Auteur principal: Tạ, Văn Đĩnh
Format: Livre
Langue:Undetermined
Publié: H. GIáo dục 2008
Sujets:
Accès en ligne:http://lrc.tdmu.edu.vn/opac/search/detail.asp?aID=2&ID=3245
Tags: Ajouter un tag
Pas de tags, Soyez le premier à ajouter un tag!
Thư viện lưu trữ: Trung tâm Học liệu Trường Đại học Thủ Dầu Một
LEADER 00648nam a2200205Ia 4500
001 TDMU_3245
008 210410s9999 xx 000 0 und d
082 |a 620.00151 
090 |b T100 
100 |a Tạ, Văn Đĩnh 
245 0 |a Phương pháp tính 
245 0 |b dùng cho các trường đại học kỹ thuật 
245 0 |c Tạ Văn Đĩnh 
260 |a H. 
260 |b GIáo dục 
260 |c 2008 
300 |a 123tr. 
650 |a Toán học  |x Phương pháp tính 
856 |u http://lrc.tdmu.edu.vn/opac/search/detail.asp?aID=2&ID=3245 
980 |a Trung tâm Học liệu Trường Đại học Thủ Dầu Một